| 000 | 00896nam a2200265 a 4500 | ||
|---|---|---|---|
| 008 | |||
| 020 | _a0712114084 | ||
| 049 | _aMAIN | ||
| 090 | _aE40.5 | ||
| 100 | 1 | 0 | _aHudson, Fred Stansfield. |
| 245 | 1 | 0 | _aNorth America. |
| 260 | 0 |
_aLondon, _bMacdonald & Evans, _c1962. |
|
| 300 |
_axviii, 462 p. _billus., maps, diagrs. _c23 cm. |
||
| 490 | 1 | _aThe new certificate geography series. Advanced level. | |
| 504 | _aIncludes bibliographical references: p. 441-443. | ||
| 651 | 0 |
_aNorth America _xDescription and travel _y1951- |
|
| 651 | 0 |
_aCentral America _xDescription and travel _y1951- |
|
| 651 | 0 |
_aWest Indies _xDescription and travel _y1951- |
|
| 830 | 0 |
_aNew certificate geography series. _pAdvanced level. |
|
| 907 |
_a.b10076797 _b13-06-03 _c12-06-03 |
||
| 003 | |||
| 005 | 20230123133254.0 | ||
| 040 | _cNUST | ||
| 942 |
_cBOOKS _kE40.5 |
||
| 999 |
_c145739 _d145739 |
||